| 000 -LEADER |
| fixed length control field |
nam a22 a 4500 |
| 003 - CONTROL NUMBER IDENTIFIER |
| control field |
AKMAL |
| 005 - DATE AND TIME OF LATEST TRANSACTION |
| control field |
20170508111341.0 |
| 008 - FIXED-LENGTH DATA ELEMENTS--GENERAL INFORMATION |
| fixed length control field |
170508s1991 my a00 may d |
| 020 ## - INTERNATIONAL STANDARD BOOK NUMBER |
| International Standard Book Number |
9836220550 (jil. I): |
| Terms of availability |
RM15.00 |
| 020 ## - INTERNATIONAL STANDARD BOOK NUMBER |
| International Standard Book Number |
9836222952 (jil. II): |
| Terms of availability |
RM15.00 |
| 020 ## - INTERNATIONAL STANDARD BOOK NUMBER |
| International Standard Book Number |
9836222782 (jil. III): |
| Terms of availability |
RM15.00 |
| 020 ## - INTERNATIONAL STANDARD BOOK NUMBER |
| International Standard Book Number |
9836225145 (jil. IV): |
| Terms of availability |
RM15.00 |
| 039 #9 - LEVEL OF BIBLIOGRAPHIC CONTROL AND CODING DETAIL [OBSOLETE] |
| Level of rules in bibliographic description |
200807011220 |
| Level of effort used to assign nonsubject heading access points |
rfid1 |
| Level of effort used to assign subject headings |
200807011220 |
| Level of effort used to assign classification |
rfid1 |
| Level of effort used to assign subject headings |
200503151155 |
| Level of effort used to assign classification |
jalil |
| 040 ## - CATALOGING SOURCE |
| Original cataloging agency |
AKMAL |
| Transcribing agency |
AKMAL |
| 041 1# - LANGUAGE CODE |
| Language code of text/sound track or separate title |
mayeng |
| 049 ## - LOCAL HOLDINGS (OCLC) |
| Holding library |
mal |
| 082 04 - DEWEY DECIMAL CLASSIFICATION NUMBER |
| Classification number |
297.19785 AFZ |
| 090 ## - LOCALLY ASSIGNED LC-TYPE CALL NUMBER (OCLC); LOCAL CALL NUMBER (RLIN) |
| Classification number (OCLC) (R) ; Classification number, CALL (RLIN) (NR) |
297.19785 |
| Local cutter number (OCLC) ; Book number/undivided call number, CALL (RLIN) |
AFZ |
| 090 2# - LOCALLY ASSIGNED LC-TYPE CALL NUMBER (OCLC); LOCAL CALL NUMBER (RLIN) |
| Classification number (OCLC) (R) ; Classification number, CALL (RLIN) (NR) |
297.19785 |
| Local cutter number (OCLC) ; Book number/undivided call number, CALL (RLIN) |
AFZ |
| 100 ## - MAIN ENTRY--PERSONAL NAME |
| Personal name |
Afzal-ur-Rahman |
| 9 (RLIN) |
2173 |
| 245 10 - TITLE STATEMENT |
| Title |
Doktrin ekonomi Islam / |
| Statement of responsibility, etc. |
Afzal-ur-Rahman |
| 260 ## - PUBLICATION, DISTRIBUTION, ETC. |
| Place of publication, distribution, etc. |
Kuala Lumpur : |
| Name of publisher, distributor, etc. |
Dewan Bahasa dan Pustaka, |
| Date of publication, distribution, etc. |
1991 |
| 300 ## - PHYSICAL DESCRIPTION |
| Extent |
4 Jil. ; |
| Dimensions |
22cm |
| 500 ## - GENERAL NOTE |
| General note |
Terjemahan dari: Economic doctrines of Islam, 3rd ed. Lahore: Islamic Publication, 1980 |
| 504 ## - BIBLIOGRAPHY, ETC. NOTE |
| Bibliography, etc. note |
Mengandungi rujukan bibliografi |
| 505 0# - FORMATTED CONTENTS NOTE |
| Formatted contents note |
Kandungan : jil 1/penterjemah Mustafa Kassim - jil. 11 -111 - Zaharah Salleh - jil.IV - Osman Ahmad dan Mazni Othman |
| 521 ## - TARGET AUDIENCE NOTE |
| Target audience note |
Peringkat pembaca: Dewasa |
| 650 ## - SUBJECT ADDED ENTRY--TOPICAL TERM |
| Topical term or geographic name entry element |
Economics |
| General subdivision |
Religious aspects |
| -- |
Islam |
| 9 (RLIN) |
2144 |
| 650 ## - SUBJECT ADDED ENTRY--TOPICAL TERM |
| Topical term or geographic name entry element |
Islam |
| General subdivision |
Economic aspects |
| 9 (RLIN) |
34 |
| 700 0# - ADDED ENTRY--PERSONAL NAME |
| Personal name |
Osman Ahamad |
| 9 (RLIN) |
2174 |
| 700 0# - ADDED ENTRY--PERSONAL NAME |
| Personal name |
Mazni Othman |
| 9 (RLIN) |
2175 |
| 942 ## - ADDED ENTRY ELEMENTS (KOHA) |
| Source of classification or shelving scheme |
|
| Koha item type |
Book |